000 00250nam a2200109Ia 4500
008 200302s9999 xx 000 0 und d
100 _aAuthor
245 _aSpace Style Decoration
260 _bTianjin University Press
260 _c2010
300 _a318
999 _c3599
_d3599